000 00680nam a22001577a 4500
003 OSt
005 20151009092132.0
008 151009b xxu||||| |||| 00| 0 eng d
040 _cRUA
082 _aAVM OR 2008 B084 Or.1
100 _92413
_aOR SAMNANG
245 _aStudy on pig production at kanduldom farm in samrong tong district kampong speu province, (ការសិក្សាទៅលើផលិតកម្មជ្រូកពូជនៅកសិដ្ឋាន កណ្ដោលដុំ ស្រុកសំរោងទង ខេត្តកំពង់ស្ពឺ)
260 _aphnom penh
_brua
_c2008
300 _axi, 40p.
_bill.
_c29cm.
942 _2ddc
_cAVM
999 _c2271
_d2271